[Event "Gran Canaria-ch Seniors"]
[Site "Arucas"]
[Date "2023.04.26"]
[Round "7.3"]
[White "Jablanovic, Sasa"]
[Black "Rojas Mirabal, Pedro"]
[Result "1-0"]
[WhiteElo "1685"]
[BlackElo "2043"]
[PlyCount "77"]
[EventDate "2023.04.12"]
[EventType "swiss"]
[EventRounds "7"]
[EventCountry "ESP"]
[SourceTitle "EXT 2024"]
[Source "ChessBase"]
[SourceDate "2023.10.10"]
[SourceVersion "1"]
[SourceVersionDate "2023.10.10"]
[SourceQuality "1"]

1. e4 e6 2. d4 d5 3. e5 c5 4. c3 Nc6 5. Nf3 Qb6 6. a3 c4 7. Be2 Bd7 8. 0-0 Rc8 9. Qe1 h5 10. Bd1 Na5 11. Nbd2 Nh6 12. Bc2 Be7 13. Qd1 Qd8 14. Ba4 b5 15. Bc2 g6 16. a4 b4 17. cxb4 Bxb4 18. b3 Nf5 19. bxc4 dxc4 20. Ne4 Bc6 21. Nf6+ Kf8 22. Bxf5 gxf5 23. Ng5 Be7 24. Ba3 Nb3 25. Ngh7+ Rxh7 26. Nxh7+ Kg7 27. Bxe7 Qxe7 28. Nf6 Rh8 29. Ra2 Qd8 30. Re1 Kf8 31. Re3 f4 32. Rc3 Bd5 33. h3 Rh6 34. Rac2 Rg6 35. f3 Rxf6 36. exf6 Qxf6 37. Rxc4 a5 38. R2c3 Kg7 39. Qxb3 1-0

[Event "Gran Canaria-ch Seniors"]
[Site "Arucas"]
[Date "2023.04.24"]
[Round "6.3"]
[White "Hernandez Izquierdo, Alberto"]
[Black "Jablanovic, Sasa"]
[Result "1/2-1/2"]
[WhiteElo "2011"]
[BlackElo "1685"]
[PlyCount "89"]
[EventDate "2023.04.12"]
[EventType "swiss"]
[EventRounds "7"]
[EventCountry "ESP"]
[SourceTitle "EXT 2024"]
[Source "ChessBase"]
[SourceDate "2023.10.10"]
[SourceVersion "1"]
[SourceVersionDate "2023.10.10"]
[SourceQuality "1"]

1. d4 d5 2. c4 c6 3. Nc3 Nf6 4. Nf3 Bf5 5. cxd5 Nxd5 6. Qb3 Qb6 7. e4 Qxb3 8. axb3 Nxc3 9. exf5 Ne4 10. Bd3 Nf6 11. 0-0 Nbd7 12. b4 a6 13. b5 cxb5 14. Bxb5 g6 15. Ne5 Rd8 16. Ba4 Bg7 17. Re1 0-0 18. fxg6 hxg6 19. Nxd7 Nxd7 20. Rxe7 b5 21. Bb3 Nb8 22. d5 Rfe8 23. Rxe8+ Rxe8 24. Kf1 Re4 25. Ra3 Rb4 26. Bd2 Rh4 27. Ra2 Rxh2 28. Bf4 Rh1+ 29. Ke2 Nd7 30. Rxa6 Bxb2 31. Ra8+ Kg7 32. d6 Ra1 33. Rxa1 Bxa1 34. Bd5 Ne5 35. Ke3 f5 36. Bg5 Kf8 37. f4 Ng4+ 38. Kd3 Bf6 39. Bxf6 Nxf6 40. Bc6 Kf7 41. Bxb5 Ke6 42. d7 Ke7 43. Kd4 Ng4 44. Bc6 Nf6 45. Ke5 1/2-1/2

[Event "Vecindario Montalvo Memorial 15th"]
[Site "Vecindario"]
[Date "2023.04.09"]
[Round "9"]
[White "Rivero Tacoronte, Gabriel"]
[Black "Jablanovic, Sasa"]
[Result "1/2-1/2"]
[WhiteElo "1548"]
[BlackElo "1685"]
[PlyCount "93"]
[EventDate "2023.04.02"]
[EventType "swiss"]
[EventRounds "9"]
[EventCountry "ESP"]
[SourceTitle "CBM 213 Extra"]
[Source "ChessBase"]
[SourceDate "2023.05.31"]
[SourceVersion "1"]
[SourceVersionDate "2023.05.31"]
[SourceQuality "1"]

1. d4 d5 2. c4 c6 3. Nc3 Nf6 4. cxd5 Nxd5 5. e4 Nb6 6. Bf4 N8d7 7. Nf3 Nf6 8. h3 h6 9. Be2 Be6 10. 0-0 Bc4 11. Rc1 Bxe2 12. Qxe2 e6 13. Rfd1 Be7 14. a3 0-0 15. b4 Rc8 16. Bh2 Re8 17. Ne5 Bf8 18. f4 Qe7 19. g4 Nfd7 20. Nf3 f6 21. h4 g5 22. hxg5 hxg5 23. fxg5 fxg5 24. Qe3 Bh6 25. Ne2 Nf6 26. Ne5 Nbd7 27. Qh3 Qh7 28. Nc3 Rcd8 29. Nc4 Bf8 30. Qf3 Qh4 31. Ne3 Be7 32. Bg3 Qh7 33. Nc4 Rf8 34. Kg2 Nd5 35. Qe2 Nf4+ 36. Bxf4 Rxf4 37. Rh1 Qf7 38. Rcf1 Rf8 39. Rxf4 Qxf4 40. Rf1 Qxf1+ 41. Qxf1 Rxf1 42. Kxf1 Nf6 43. Ne3 a5 44. e5 Nd7 45. Nc2 axb4 46. axb4 Nb6 47. Ke2 1/2-1/2

[Event "Gran Canaria U1900 op"]
[Site "Gran Canaria"]
[Date "2023.01.04"]
[Round "7"]
[White "Guerrero Orihuela, Jose Luis"]
[Black "Jablanovic, Sasa"]
[Result "1-0"]
[WhiteElo "1830"]
[BlackElo "1703"]
[PlyCount "79"]
[EventDate "2022.12.27"]
[EventType "swiss"]
[EventRounds "7"]
[EventCountry "ESP"]
[SourceTitle "CBM 212 Extra"]
[Source "ChessBase"]
[SourceDate "2023.03.31"]
[SourceVersion "1"]
[SourceVersionDate "2023.03.31"]
[SourceQuality "1"]

1. d4 d5 2. c4 c6 3. Nc3 Nf6 4. cxd5 Nxd5 5. e4 Nf6 6. Nf3 Bg4 7. Be3 e6 8. Bd3 Nbd7 9. h3 Bh5 10. g4 Bg6 11. h4 h6 12. h5 Bh7 13. g5 hxg5 14. Nxg5 Bg8 15. e5 Nd5 16. Nxd5 exd5 17. Qg4 Bb4+ 18. Ke2 Nf8 19. Nf3 Ne6 20. h6 g6 21. Ng5 Nxg5 22. Bxg5 Be7 23. f4 Qd7 24. f5 Bh7 25. Bxe7 Qxe7 26. fxg6 Bxg6 27. Bxg6 fxg6 28. Qxg6+ Kd7 29. Raf1 Raf8 30. Rxf8 Qxf8 31. h7 Qe8 32. Qg7+ Kc8 33. Rh6 c5 34. Rg6 Qb5+ 35. Ke3 cxd4+ 36. Kf4 Qf1+ 37. Kg5 Qg2+ 38. Kf6 Qf3+ 39. Ke7 Rd8 40. h8Q 1-0

[Event "Gran Canaria U1900 op"]
[Site "Gran Canaria"]
[Date "2022.12.28"]
[Round "2"]
[White "Vargas Tinoco, Martin Alonso"]
[Black "Jablanovic, Sasa"]
[Result "0-1"]
[WhiteElo "1465"]
[BlackElo "1703"]
[PlyCount "198"]
[EventDate "2022.12.27"]
[EventType "swiss"]
[EventRounds "7"]
[EventCountry "ESP"]
[SourceTitle "CBM 212 Extra"]
[Source "ChessBase"]
[SourceDate "2023.03.31"]
[SourceVersion "1"]
[SourceVersionDate "2023.03.31"]
[SourceQuality "1"]

1. d4 d5 2. c4 c6 3. Nf3 Nf6 4. Nc3 Bf5 5. Qb3 b6 6. Bf4 e6 7. e3 Bd6 8. Bg3 Qc7 9. Rc1 Bxg3 10. hxg3 h6 11. cxd5 cxd5 12. Bb5+ Nbd7 13. 0-0 Qd8 14. Ne5 0-0 15. Nc6 Qe8 16. Qb4 Kh8 17. Qd6 a6 18. Ba4 b5 19. Bc2 Bh7 20. Bxh7 Kxh7 21. Rc2 Nb6 22. b3 Qd7 23. Qxd7 Nfxd7 24. Rfc1 Rfc8 25. Na5 Rc7 26. Nb1 Rxc2 27. Rxc2 Rc8 28. Rc6 Kg6 29. Nd2 Kf6 30. Nf3 Rxc6 31. Nxc6 Na8 32. g4 Nc7 33. Kh2 g5 34. Kg3 Kg7 35. Nh2 Nf6 36. f3 Nfe8 37. Nf1 Nd6 38. Nd2 f6 39. Kf2 Kf7 40. Nf1 Ke8 41. Ng3 Kd7 42. Nb4 e5 43. Nf5 Nxf5 44. gxf5 Kd6 45. g4 a5 46. Nd3 exd4 47. exd4 b4 48. Nc5 Kc6 49. Ke3 Nb5 50. Nd3 Nc3 51. Nc1 Kb5 52. Kd2 Kc6 53. Kc2 Kd7 54. Kb2 Nd1+ 55. Kc2 Ne3+ 56. Kb2 Nf1 57. Nd3 Ng3 58. Ne1 h5 59. gxh5 Nxh5 60. a3 Kc6 61. axb4 axb4 62. Ng2 Ng3 63. Ne3 Kd6 64. Kc2 Ne2 65. Kd3 Ng1 66. Ng4 Ke7 67. Nh2 Nh3 68. Ke3 Nf4 69. Ng4 Ng2+ 70. Kd2 Nh4 71. f4 Nxf5 72. fxg5 fxg5 73. Kd3 Kd6 74. Ne5 Nh6 75. Ke3 Nf5+ 76. Kd3 Kc7 77. Ng4 Nd6 78. Nf6 Kc6 79. Ke3 Nb7 80. Kd3 Kd6 81. Ng4 Ke6 82. Ne3 Na5 83. Kc2 Nc6 84. Kd3 Ne7 85. Nc2 Nc6 86. Ne3 Ne7 87. Nc2 Kf5 88. Nxb4 Kf4 89. Nc2 Kf3 90. b4 g4 91. b5 g3 92. Ne3 Nc8 93. Kd2 Nb6 94. Kd3 g2 95. Nxg2 Kxg2 96. Kc3 Kf3 97. Kb4 Ke4 98. Kc5 Nc4 99. Kb4 Kxd4 0-1

[Event "Las Palmas Montalvo Memorial 12th"]
[Site "Las Palmas"]
[Date "2019.04.14"]
[Round "3"]
[White "Jablanovic, Sasa"]
[Black "Kurajica, Bojan"]
[Result "0-1"]
[WhiteElo "1732"]
[BlackElo "2522"]
[PlyCount "68"]
[EventDate "2019.04.13"]
[EventType "swiss"]
[EventRounds "9"]
[EventCountry "ESP"]
[SourceTitle "CBM 189 Extra"]
[Source "ChessBase"]
[SourceDate "2019.06.03"]
[SourceVersion "1"]
[SourceVersionDate "2019.06.03"]
[SourceQuality "1"]

1. e4 c5 2. Nf3 Nc6 3. Nc3 e6 4. a4 Nf6 5. Bc4 d5 6. exd5 exd5 7. Ba2 Bg4 8. h3 Qe7+ 9. Qe2 Bxf3 10. gxf3 Nd4 11. Qxe7+ Bxe7 12. Kd1 Rd8 13. f4 0-0 14. d3 Rfe8 15. Nb5 Nc6 16. Re1 a6 17. Nc3 Nd4 18. Re5 c4 19. Re3 b5 20. axb5 axb5 21. Ne2 Nxe2 22. Rxe2 Ra8 23. Bd2 b4 24. dxc4 dxc4 25. Re3 Nd5 26. Rf3 Bf6 27. Bc1 c3 28. b3 Bd4 29. f5 Re4 30. Be3 Bxe3 31. fxe3 Nxe3+ 32. Ke2 Nxc2+ 33. Kd3 Nxa1 34. Kxe4 Rxa2 0-1

[Event "Liga Insular Gran Canaria Preferente"]
[Site "Las Palmas"]
[Date "2019.03.02"]
[Round "1.3"]
[White "Amador Garcia, Ismael"]
[Black "Jablanovic, Sasa"]
[Result "1-0"]
[WhiteElo "2032"]
[BlackElo "1740"]
[PlyCount "45"]
[EventDate "2019.03.02"]
[EventType "team-tourn"]
[EventRounds "9"]
[EventCountry "ESP"]
[SourceTitle "EXT 2021"]
[Source "ChessBase"]
[SourceDate "2020.10.23"]
[SourceVersion "1"]
[SourceVersionDate "2020.10.23"]
[SourceQuality "1"]
[WhiteTeam "Fundacion La Caja de Canarias"]
[BlackTeam "Mogan"]
[WhiteTeamCountry "ESP"]
[BlackTeamCountry "ESP"]

1. e4 e5 2. Nf3 Nc6 3. Bb5 a6 4. Ba4 Nf6 5. 0-0 b5 6. Bb3 Bc5 7. a4 b4 8. c3 a5 9. d4 exd4 10. cxd4 Bb6 11. e5 Ng8 12. d5 Nce7 13. d6 Ng6 14. Qd5 Nh6 15. Bxh6 0-0 16. Bg5 Qe8 17. Qxa8 c6 18. Qb8 Nxe5 19. Nxe5 Qxe5 20. Qxb6 Qxg5 21. Qe3 Qf6 22. Nd2 Qxb2 23. Nc4 1-0

[Event "Gran Canaria op Seniors"]
[Site "Gran Canaria"]
[Date "2019.02.26"]
[Round "6"]
[White "Ruiz Romero, Pedro"]
[Black "Jablanovic, Sasa"]
[Result "1-0"]
[WhiteElo "1796"]
[BlackElo "1717"]
[PlyCount "67"]
[EventDate "2019.02.07"]
[EventType "swiss"]
[EventRounds "7"]
[EventCountry "ESP"]
[SourceTitle "CBM 189 Extra"]
[Source "ChessBase"]
[SourceDate "2019.06.03"]
[SourceVersion "1"]
[SourceVersionDate "2019.06.03"]
[SourceQuality "1"]

1. d4 d5 2. c4 c6 3. Nc3 Nf6 4. e3 Bf5 5. f3 e6 6. Bd3 Bxd3 7. Qxd3 Nbd7 8. Nge2 Be7 9. e4 dxe4 10. fxe4 Nb6 11. 0-0 e5 12. d5 Qc7 13. Kh1 cxd5 14. cxd5 0-0 15. Qf3 Nc4 16. a4 a6 17. b3 Nd6 18. Be3 Rac8 19. Rac1 Qa5 20. Bg5 Nxd5 21. Nxd5 Bxg5 22. Rxc8 Nxc8 23. Qf5 f6 24. Nd4 Qd2 25. Nf3 Qd3 26. Nxg5 g6 27. Nxf6+ Kh8 28. Qf3 Qd6 29. Ngxh7 Rf7 30. Qh3 Kg7 31. Qxc8 Qd3 32. Qg8+ Kh6 33. Ng4+ Kh5 34. Qxf7 1-0

[Event "Gran Canaria op Seniors"]
[Site "Gran Canaria"]
[Date "2019.02.14"]
[Round "3"]
[White "Jablanovic, Sasa"]
[Black "Guerra Aleman, Marcial"]
[Result "0-1"]
[WhiteElo "1717"]
[BlackElo "1630"]
[PlyCount "64"]
[EventDate "2019.02.07"]
[EventType "swiss"]
[EventRounds "7"]
[EventCountry "ESP"]
[SourceTitle "CBM 189 Extra"]
[Source "ChessBase"]
[SourceDate "2019.06.03"]
[SourceVersion "1"]
[SourceVersionDate "2019.06.03"]
[SourceQuality "1"]

1. e4 d6 2. d4 Nf6 3. Nc3 g6 4. Nf3 Bg7 5. Bc4 0-0 6. 0-0 Nxe4 7. Nxe4 d5 8. Bd3 dxe4 9. Bxe4 Nd7 10. c3 c5 11. Qb3 cxd4 12. Nxd4 Nc5 13. Qd5 Nxe4 14. Qxe4 Bxd4 15. cxd4 Bf5 16. Qxb7 Qxd4 17. Qxe7 Rfe8 18. Qa3 Re2 19. Qf3 Rae8 20. Be3 Qxb2 21. h3 Be4 22. Qg3 Bxg2 23. Qxg2 R8xe3 24. Qa8+ Re8 25. Qxa7 Qf6 26. Qd7 R8e5 27. f4 Qb6+ 28. Kh1 Qb2 29. Qc6 Rh2+ 30. Kg1 Ree2 31. Rfc1 Reg2+ 32. Kf1 Qf2# 0-1

[Event "Gran Canaria Santana Memorial 6th"]
[Site "Gran Canaria"]
[Date "2018.11.30"]
[Round "5.9"]
[White "Monteiro Rodrigues, Carlos"]
[Black "Jablanovic, Sasa"]
[Result "0-1"]
[WhiteElo "1415"]
[BlackElo "1687"]
[PlyCount "88"]
[EventDate "2018.11.16"]
[EventType "swiss"]
[EventRounds "7"]
[EventCountry "ESP"]
[SourceTitle "EXT 2024"]
[Source "ChessBase"]
[SourceDate "2023.10.10"]
[SourceVersion "1"]
[SourceVersionDate "2023.10.10"]
[SourceQuality "1"]

1. e4 e5 2. Nf3 Nc6 3. Bc4 Bc5 4. b4 Bxb4 5. c3 Ba5 6. d4 exd4 7. Qb3 Qe7 8. Ba3 d6 9. 0-0 Bxc3 10. Nxc3 dxc3 11. Qxc3 Ne5 12. Nxe5 Qxe5 13. Qb3 Nh6 14. f4 Qd4+ 15. Kh1 0-0 16. e5 Nf5 17. Bb2 Qb6 18. Qc3 dxe5 19. fxe5 Be6 20. Rxf5 Bxc4 21. e6 f6 22. Qxc4 Qxb2 23. Raf1 c6 24. e7+ Rf7 25. Rd1 Qb6 26. Qe6 Re8 27. Rdf1 Rexe7 28. Qc4 h6 29. h3 Kh8 30. Qg4 Qc7 31. Qg6 Rf8 32. Rh5 Qd6 33. Rh4 Qe6 34. Qh5 Qxa2 35. Qg6 Qf7 36. Qf5 Re5 37. Qf4 g5 38. Qd2 gxh4 39. Qxh6+ Kg8 40. Qxh4 Rg5 41. Rf3 Qg6 42. Qc4+ Kg7 43. g4 Rd8 44. Qb3 Rb5 0-1

[Event "Gran Canaria-chT 1819 A"]
[Site "Gran Canaria"]
[Date "2018.11.17"]
[Round "1.3"]
[White "Perez Guerra, Raul"]
[Black "Jablanovic, Sasa"]
[Result "1-0"]
[WhiteElo "2021"]
[BlackElo "1687"]
[PlyCount "97"]
[EventDate "2018.11.17"]
[EventType "swiss"]
[EventRounds "7"]
[EventCountry "ESP"]
[SourceTitle "EXT 2024"]
[Source "ChessBase"]
[SourceDate "2023.10.10"]
[SourceVersion "1"]
[SourceVersionDate "2023.10.10"]
[SourceQuality "1"]
[WhiteTeam "Guia"]
[BlackTeam "Mogan V"]
[WhiteTeamCountry "ESP"]
[BlackTeamCountry "ESP"]

1. e4 e5 2. Nf3 Nc6 3. Bc4 Bc5 4. 0-0 Nf6 5. d3 h6 6. Nbd2 0-0 7. Re1 d6 8. c3 Na5 9. Bb5 a6 10. Ba4 b5 11. Bc2 Bb6 12. Nf1 Nc6 13. Ng3 Ne7 14. a4 c6 15. h3 Be6 16. Nh4 Qd7 17. Qf3 Nh7 18. Nhf5 Bxf5 19. exf5 g5 20. f6 Nd5 21. Nf5 h5 22. Nh6+ Kh8 23. axb5 Qe6 24. bxc6 Ndxf6 25. d4 g4 26. hxg4 hxg4 27. Qf5 Qxf5 28. Nxf5 exd4 29. cxd4 d5 30. Bf4 Ra7 31. Be5 Rc8 32. Ba4 Bc7 33. Rac1 Bxe5 34. dxe5 Ne8 35. Nd6 Rd8 36. Nxe8 Rxe8 37. Rc5 d4 38. c7 Rc8 39. Rec1 Nf8 40. R5c4 Ne6 41. Bd7 Rcxc7 42. Bxe6 Rxc4 43. Bxc4 Rc7 44. b3 a5 45. Kf1 a4 46. bxa4 Rc5 47. Ke2 Rxe5+ 48. Kd3 Rf5 49. Rc2 1-0

[Event "Gran Canaria Cabildo op"]
[Site "Gran Canaria"]
[Date "2018.04.10"]
[Round "7"]
[White "Sosa Suarez, Carla Cristina"]
[Black "Jablanovic, Sasa"]
[Result "1-0"]
[WhiteElo "2011"]
[BlackElo "1647"]
[PlyCount "93"]
[EventDate "2018.03.06"]
[EventType "swiss"]
[EventRounds "7"]
[EventCountry "ESP"]
[SourceTitle "CBM 183 Extra"]
[Source "ChessBase"]
[SourceDate "2018.04.19"]
[SourceVersion "1"]
[SourceVersionDate "2018.04.19"]
[SourceQuality "1"]

1. e4 e5 2. Nf3 Nf6 3. Nxe5 d6 4. Nf3 Nxe4 5. Nc3 Nxc3 6. dxc3 Be7 7. Be3 Nc6 8. Qd2 Be6 9. 0-0-0 a6 10. Kb1 h6 11. Bf4 Qd7 12. Bd3 0-0-0 13. Rhe1 f5 14. h4 Bf6 15. Bf1 g6 16. Bxh6 Qf7 17. a3 Na5 18. Ng5 Ba2+ 19. Ka1 Qg8 20. Nh3 Bf7 21. Bg5 Qg7 22. Nf4 Bxg5 23. hxg5 Kb8 24. f3 Rh4 25. Bd3 Nc4 26. Bxc4 Bxc4 27. g3 Rh7 28. Ne6 Bxe6 29. Rxe6 Rdh8 30. Rde1 Qf7 31. b3 Rh1 32. Kb2 Rxe1 33. Qxe1 b6 34. Rf6 Qg7 35. Qe6 Rg8 36. f4 Qh7 37. Rf7 Qh8 38. Qf6 Qh5 39. Rf8+ Rxf8 40. Qxf8+ Kb7 41. Qh6 Qg4 42. Qxg6 d5 43. Qe6 c6 44. g6 d4 45. Qf7+ Kc8 46. g7 dxc3+ 47. Ka2 1-0

[Event "Las Palmas Montalvo Memorial 11th"]
[Site "Las Palmas"]
[Date "2018.03.25"]
[Round "2"]
[White "Jablanovic, Sasa"]
[Black "Rodriguez Mesa, Alejandro"]
[Result "1-0"]
[WhiteElo "1647"]
[BlackElo "1262"]
[PlyCount "55"]
[EventDate "2018.03.24"]
[EventType "swiss"]
[EventRounds "9"]
[EventCountry "ESP"]
[SourceTitle "CBM 183 Extra"]
[Source "ChessBase"]
[SourceDate "2018.04.19"]
[SourceVersion "1"]
[SourceVersionDate "2018.04.19"]
[SourceQuality "1"]

1. e4 e5 2. Nf3 Nc6 3. Bc4 Bc5 4. Nc3 d6 5. h3 f5 6. d3 Nf6 7. Ng5 Rf8 8. Be6 h6 9. Bxc8 Qxc8 10. Nf3 Nd4 11. Be3 Nxf3+ 12. Qxf3 fxe4 13. dxe4 Nd5 14. Qh5+ Kd8 15. Nxd5 c6 16. Qh4+ Rf6 17. Nxf6 gxf6 18. Bxc5 dxc5 19. 0-0-0+ Kc7 20. Qxf6 Qg8 21. Kb1 Qxg2 22. Rhg1 Qxe4 23. Rge1 Qc4 24. Re3 b5 25. Qxe5+ Kb6 26. Rc3 Rd8 27. Re1 Rd5 28. Qb8+ 1-0

[Event "Las Palmas Montalvo Memorial 10th"]
[Site "Las Palmas"]
[Date "2017.04.08"]
[Round "1"]
[White "Jablanovic, Sasa"]
[Black "Debray, Christopher"]
[Result "0-1"]
[WhiteElo "1657"]
[BlackElo "2328"]
[PlyCount "68"]
[EventDate "2017.04.08"]
[EventType "swiss"]
[EventRounds "9"]
[EventCountry "ESP"]
[SourceTitle "CBM 177 Extra"]
[Source "ChessBase"]
[SourceDate "2017.04.27"]
[SourceVersion "1"]
[SourceVersionDate "2017.04.27"]
[SourceQuality "1"]

1. e4 c5 2. Nf3 g6 3. Nc3 Bg7 4. Bc4 d6 5. 0-0 Nc6 6. a3 Nf6 7. d3 0-0 8. h3 Ne8 9. Ne2 Nc7 10. c3 d5 11. exd5 Nxd5 12. Bg5 h6 13. Be3 Nxe3 14. fxe3 e5 15. d4 Qe7 16. d5 e4 17. dxc6 exf3 18. Rxf3 bxc6 19. Qf1 Bf5 20. Ng3 Be6 21. Rd1 Rad8 22. Bxe6 Qxe6 23. Rxd8 Rxd8 24. Qe2 h5 25. Nf1 Bh6 26. e4 f5 27. Ng3 Rd2 28. Qf1 h4 29. Nh1 fxe4 30. Rf6 Be3+ 31. Rf2 Bxf2+ 32. Nxf2 e3 33. Ng4 e2 34. Nh6+ Kg7 0-1

[Event "Las Palmas Cabildo op"]
[Site "Las Palmas"]
[Date "2017.03.28"]
[Round "6"]
[White "Rodriguez Medina, Jose Chedey"]
[Black "Jablanovic, Sasa"]
[Result "0-1"]
[WhiteElo "1402"]
[BlackElo "1642"]
[PlyCount "47"]
[EventDate "2017.03.10"]
[EventType "swiss"]
[EventRounds "7"]
[EventCountry "ESP"]
[SourceTitle "EXT 2018"]
[Source "ChessBase"]
[SourceDate "2017.10.13"]
[SourceVersion "1"]
[SourceVersionDate "2017.10.13"]
[SourceQuality "1"]

1. d4 d5 2. Nf3 Bf5 3. e3 h6 4. Nbd2 e6 5. a3 c5 6. Bb5+ Nd7 7. Ne5 Ngf6 8. Nxd7 Nxd7 9. Nf3 Qa5+ 10. b4 Qxb5 11. bxc5 Qc4 12. Nd2 Qxc2 13. Qxc2 Bxc2 14. Ra2 Ba4 15. Rb2 Bc6 16. Nb3 b6 17. Rc2 Ba4 18. c6 Bxb3 19. cxd7+ Kxd7 20. Rc3 Bc4 21. e4 Rc8 22. exd5 exd5 23. Kd2 Bd6 24. g3 0-1

[Event "Las Palmas Insular-chT Segunda-B 1617"]
[Site "Las Palmas"]
[Date "2017.02.04"]
[Round "10.4"]
[White "Jablanovic, Sasa"]
[Black "Ramirez Hernandez, Jose Isidro"]
[Result "1-0"]
[WhiteElo "1628"]
[BlackElo "1381"]
[PlyCount "81"]
[EventDate "2016.10.22"]
[EventType "team-tourn"]
[EventRounds "14"]
[EventCountry "ESP"]
[SourceTitle "EXT 2018"]
[Source "ChessBase"]
[SourceDate "2017.10.13"]
[SourceVersion "1"]
[SourceVersionDate "2017.10.13"]
[SourceQuality "1"]
[WhiteTeam "Mogan"]
[BlackTeam "Grandama III"]
[WhiteTeamCountry "ESP"]
[BlackTeamCountry "ESP"]

1. e4 d6 2. d4 Nf6 3. Nc3 g6 4. Nf3 c6 5. Be2 Bg7 6. 0-0 b5 7. a3 a5 8. h3 0-0 9. Bg5 Bb7 10. e5 dxe5 11. dxe5 Nfd7 12. e6 fxe6 13. Nd4 Bxd4 14. Qxd4 Nf6 15. Qe3 Bc8 16. Bh6 Re8 17. Rad1 Qc7 18. Ne4 Nbd7 19. Ng5 Qe5 20. Qf3 Nb8 21. c3 Qf5 22. Qe3 e5 23. f4 Nd5 24. Qc1 exf4 25. g4 Qe5 26. Rde1 Qd6 27. c4 Qc5+ 28. Kh2 bxc4 29. Bxc4 e6 30. Ne4 Qe7 31. g5 Qc7 32. Rf3 Na6 33. Bxd5 cxd5 34. Nf6+ Kf7 35. Rxf4 Qxc1 36. Rxc1 Ke7 37. Nxe8 Kxe8 38. Rf8+ Kd7 39. Rf7+ Kd6 40. Kg3 Nc5 41. Bf8+ 1-0

[Event "Montana de Galdar op 1st"]
[Site "Galdar"]
[Date "2016.12.08"]
[Round "5.5"]
[White "Sosa Suarez, Carla Cristina"]
[Black "Jablanovic, Sasa"]
[Result "1/2-1/2"]
[WhiteElo "1828"]
[BlackElo "1622"]
[PlyCount "83"]
[EventDate "2016.12.05"]
[EventType "swiss"]
[EventRounds "9"]
[EventCountry "ESP"]
[SourceTitle "EXT 2024"]
[Source "ChessBase"]
[SourceDate "2023.10.10"]
[SourceVersion "1"]
[SourceVersionDate "2023.10.10"]
[SourceQuality "1"]

1. e4 e5 2. Nf3 Nc6 3. Bc4 Bc5 4. c3 d6 5. b4 Bb6 6. d3 h6 7. a4 a6 8. Nbd2 Nf6 9. Nf1 0-0 10. Ng3 Ne7 11. Nh4 Bg4 12. Qc2 Qd7 13. h3 Be6 14. 0-0 c6 15. Be3 Bxe3 16. fxe3 Rac8 17. Rxf6 gxf6 18. Nh5 Kh8 19. Nxf6 Qc7 20. Qf2 d5 21. Bb3 Qd8 22. Nh5 Ng8 23. Nf5 Qg5 24. Qf3 Bxf5 25. exf5 e4 26. dxe4 dxe4 27. Qe2 Nf6 28. Nf4 Qxf5 29. Rf1 Qe5 30. Bxf7 Kh7 31. Ng6 Qxc3 32. Nxf8+ Rxf8 33. Be6 Kg7 34. Qf2 Qe5 35. Bb3 Qd6 36. Qf5 Qxb4 37. Qe6 Nd5 38. Bxd5 Rxf1+ 39. Kxf1 cxd5 40. Qxd5 Qxa4 41. Qxb7+ Kg6 42. Qb6+ 1/2-1/2